| 000 | 00856nam a2200121Ia 4500 | ||
|---|---|---|---|
| 008 | 220615s9999||||xx |||||||||||||| ||und|| | ||
| 100 | _aInstitute of Climate Change and Sustainable Development of Tsinghua University, | ||
| 245 | 0 |
_aChina's Long-Term Low-Carbon Development Strategies and Pathways _bComprehensive Report |
|
| 546 | _aEnglish[eng] | ||
| 650 | _aLow-Carbon Transformation of end-use Sectors||Power System Transition||Primary Energy Demand Carbon Emissions||Non-CO2 Greenhouse Gas Emissions||Investment and Cost||Global Climate Governance and International Cooperation||Paris Agreement||Economic Recovery Through Green and Low-Carbon Development||Open Access | ||
| 856 | _uhttps://library.oapen.org/bitstream/20.500.12657/51923/1/978-981-16-2524-4.pdf||https://library.oapen.org/bitstream/20.500.12657/51923/1/978-981-16-2524-4.pdf | ||
| 942 | _cEB | ||
| 999 |
_c9980 _d9980 |
||